[Event "Titled Tuesday intern op 09th Jan Early"]
[Site "Chess.com INT"]
[Date "2024.01.09"]
[Round "4"]
[White "Bhagyashree, Patil"]
[Black "Dubnevych, Maksym"]
[Result "0-1"]
[WhiteElo "1885"]
[BlackElo "2340"]
[PlyCount "88"]
[EventDate "2024.01.09"]
[EventType "swiss (blitz)"]
[EventRounds "11"]
[EventCountry "USA"]
[SourceTitle "CB03_2024"]
[SourceDate "2024.01.17"]
[SourceVersion "1"]
[SourceVersionDate "2024.01.17"]
[SourceQuality "1"]

1. d4 a5 2. Nf3 b6 3. g3 Bb7 4. Bg2 g6 5. 0-0 Bg7 6. Re1 Nf6 7. c3 d5 8. Bg5 Ne4 9. Bf4 Nd7 10. Nbd2 0-0 11. Qc2 Nxd2 12. Qxd2 Nf6 13. Qc2 Ne4 14. c4 c6 15. Rad1 Rc8 16. h4 e6 17. Nd2 f5 18. Be5 Bh6 19. Nf3 Qe7 20. Rd3 Ba6 21. b3 c5 22. dxc5 Nxc5 23. Rdd1 Ne4 24. Nd4 Rc5 25. Bxe4 fxe4 26. f4 exf3 27. exf3 dxc4 28. bxc4 Rxc4 29. Qb2 Qc5 30. f4 Bb7 31. Kh2 Rb4 32. Qf2 Bd5 33. Rc1 Rc4 34. Rxc4 Qxc4 35. Re2 Rc8 36. Rc2 Qa6 37. Rxc8+ Qxc8 38. Qe1 Bf8 39. Qd1 Qc4 40. h5 Qxa2+ 41. Kh3 Qg2+ 42. Kh4 Be7+ 43. Kg4 gxh5+ 44. Kxh5 Qh3# 0-1

[Event "Asia-ch Rapid U20 Girls"]
[Site "Jamshedpur"]
[Date "2023.09.08"]
[Round "1"]
[White "Bhagyashree, Patil"]
[Black "Adra, P."]
[Result "1-0"]
[WhiteElo "1858"]
[BlackElo "1403"]
[PlyCount "113"]
[EventDate "2023.09.08"]
[EventType "swiss (rapid)"]
[EventRounds "9"]
[EventCountry "IND"]
[SourceTitle "EXT 2024"]
[Source "ChessBase"]
[SourceDate "2023.10.10"]
[SourceVersion "1"]
[SourceVersionDate "2023.10.10"]
[SourceQuality "1"]

1. d4 d5 2. Nf3 Nf6 3. e3 c5 4. c4 e6 5. Nc3 Nc6 6. b3 Be7 7. Be2 0-0 8. 0-0 b6 9. Bb2 Bb7 10. Rc1 Rc8 11. Qd2 Ne4 12. Qc2 cxd4 13. exd4 Nxc3 14. Bxc3 Bf6 15. Rfd1 Qe7 16. Qb2 Rfd8 17. h3 g6 18. a3 Bg7 19. Rc2 Rd7 20. Rcd2 Rcd8 21. Ne5 Nxe5 22. dxe5 dxc4 23. Rxd7 Rxd7 24. Rxd7 Qxd7 25. bxc4 Be4 26. Bb4 Bd3 27. Qd2 Bxe5 28. Qxd3 Qc7 29. Bf3 a5 30. Bd2 Bg7 31. Be3 e5 32. Bd5 a4 33. Qb1 Bf8 34. Qxb6 Qxb6 35. Bxb6 Bxa3 36. Bc6 Bd6 37. Bxa4 Kf8 38. c5 Bb8 39. c6 Ke7 40. c7 Bxc7 41. Bxc7 f6 42. Ba5 f5 43. Bb4+ Ke6 44. Bb3+ Kf6 45. f3 h5 46. Kf2 g5 47. g3 f4 48. gxf4 exf4 49. Bc3+ Kf5 50. Bf7 h4 51. Kg2 g4 52. hxg4+ Kg5 53. Kh3 Kh6 54. Kxh4 Kh7 55. Bc4 Kg6 56. Bd3+ Kh6 57. g5# 1-0

[Event "IND-ch (Women) 48th"]
[Site "Hatkanangale"]
[Date "2023.01.02"]
[Round "8"]
[White "Bhagyashree, Patil"]
[Black "Pandey, Srishti"]
[Result "1-0"]
[WhiteElo "1920"]
[BlackElo "2198"]
[PlyCount "79"]
[EventDate "2022.12.26"]
[EventType "swiss"]
[EventRounds "11"]
[EventCountry "IND"]
[SourceTitle "CBM 212 Extra"]
[Source "ChessBase"]
[SourceDate "2023.03.31"]
[SourceVersion "1"]
[SourceVersionDate "2023.03.31"]
[SourceQuality "1"]

1. e4 e5 2. Nf3 Nc6 3. Bc4 Bc5 4. c3 Nf6 5. d3 d6 6. 0-0 0-0 7. Nbd2 a5 8. Bb3 Be6 9. Re1 h6 10. Nf1 Bxb3 11. Qxb3 a4 12. Qc2 Re8 13. Ng3 d5 14. Nf5 dxe4 15. dxe4 Ne7 16. Be3 Bxe3 17. Nxe3 Ng6 18. Nf5 b5 19. a3 Ra6 20. Qe2 Rb6 21. g3 Qa8 22. Rad1 Nf8 23. Qe3 Qc6 24. h3 N8d7 25. N3h4 Qc5 26. Qc1 Qf8 27. g4 Nc5 28. Ng3 Ne6 29. Ng2 Ng5 30. Ne3 Nf3+ 31. Kg2 Nxe1+ 32. Rxe1 Rc6 33. Rh1 Nd7 34. Nd5 Nb6 35. Nb4 Rg6 36. Rd1 Rd8 37. Nf5 Re6 38. Rd2 Kh7 39. Nd5 g6 40. Nf6+ 1-0

[Event "Asia-ch U20 Girls"]
[Site "Tagaytay City"]
[Date "2022.11.24"]
[Round "8"]
[White "Bhagyashree, Patil"]
[Black "Kairbekova, Amina"]
[Result "0-1"]
[WhiteElo "1921"]
[BlackElo "2212"]
[PlyCount "74"]
[EventDate "2022.11.19"]
[EventType "swiss"]
[EventRounds "9"]
[EventCountry "PHI"]
[SourceTitle "CBM 211 Extra"]
[Source "ChessBase"]
[SourceDate "2023.01.31"]
[SourceVersion "1"]
[SourceVersionDate "2023.01.31"]
[SourceQuality "1"]

1. d4 Nf6 2. Nf3 g6 3. g3 Bg7 4. Bg2 0-0 5. 0-0 d6 6. c4 Nbd7 7. Nc3 e5 8. dxe5 dxe5 9. e4 c6 10. Qc2 Qe7 11. Rd1 Re8 12. h3 Nf8 13. b3 N6d7 14. Be3 Ne6 15. Rd2 Rf8 16. Nh4 Nd4 17. Qd1 f5 18. exf5 gxf5 19. Bxd4 exd4 20. Ne2 f4 21. Nxd4 Ne5 22. Qh5 fxg3 23. Rf1 gxf2+ 24. Rdxf2 Rxf2 25. Rxf2 Nd3 26. Ndf5 Bxf5 27. Rxf5 Bd4+ 28. Kh1 Nf2+ 29. Rxf2 Bxf2 30. Nf3 Rd8 31. Ne5 Qg7 32. Qe2 Bg3 33. Ng4 Rf8 34. Be4 h5 35. Ne3 Rf2 36. Qd3 Rh2+ 37. Kg1 Bf2+ 0-1

[Event "Asia-ch U20 Girls"]
[Site "Tagaytay City"]
[Date "2022.11.22"]
[Round "5"]
[White "Bhagyashree, Patil"]
[Black "Tan, Mary Joy"]
[Result "0-1"]
[WhiteElo "1921"]
[BlackElo "1751"]
[PlyCount "62"]
[EventDate "2022.11.19"]
[EventType "swiss"]
[EventRounds "9"]
[EventCountry "PHI"]
[SourceTitle "CBM 211 Extra"]
[Source "ChessBase"]
[SourceDate "2023.01.31"]
[SourceVersion "1"]
[SourceVersionDate "2023.01.31"]
[SourceQuality "1"]

1. d4 d5 2. Nf3 Nf6 3. g3 e6 4. Bg2 Be7 5. 0-0 0-0 6. c4 c6 7. b3 b6 8. Qc2 Bb7 9. Nc3 Na6 10. Bb2 Rc8 11. Rfd1 Qc7 12. Rac1 Qb8 13. e4 c5 14. exd5 exd5 15. dxc5 dxc4 16. cxb6 cxb3 17. Qxb3 Nc5 18. Qb4 Qa8 19. Nh4 Bxg2 20. Nxg2 Qb7 21. Qb5 axb6 22. Ne3 Qf3 23. Qf1 Rfd8 24. Nb5 Ne6 25. Rxc8 Rxc8 26. a4 Bc5 27. Re1 Ne4 28. Qg2 N6g5 29. Bc3 Bxe3 30. Rxe3 Qd1+ 31. Be1 Nc5 0-1

[Event "IND-ch U17 Girls"]
[Site "Bhubaneswar"]
[Date "2022.07.08"]
[Round "10"]
[White "Ishvi, Aggarwal"]
[Black "Bhagyashree, Patil"]
[Result "1/2-1/2"]
[WhiteElo "1962"]
[BlackElo "1908"]
[PlyCount "127"]
[EventDate "2022.07.01"]
[EventType "swiss"]
[EventRounds "11"]
[EventCountry "IND"]
[SourceTitle "EXT 2023"]
[Source "ChessBase"]
[SourceDate "2022.10.05"]
[SourceVersion "1"]
[SourceVersionDate "2022.10.05"]
[SourceQuality "1"]

1. d4 d5 2. c4 e6 3. Nf3 Nf6 4. g3 Be7 5. Bg2 c6 6. 0-0 0-0 7. Nbd2 Nbd7 8. Qc2 b6 9. e4 dxe4 10. Nxe4 Bb7 11. Nxf6+ Nxf6 12. Rd1 h6 13. b3 Rc8 14. Bb2 Qc7 15. a3 c5 16. dxc5 Qxc5 17. Ne5 Bxg2 18. Kxg2 Qc7 19. Rd3 b5 20. Qe2 bxc4 21. Nxc4 Qb7+ 22. Qf3 Nd5 23. Rad1 Rc7 24. Kg1 Nf6 25. Qf4 Rc5 26. Ne3 Rfc8 27. h4 Rb5 28. Bxf6 Bxf6 29. Rd7 Qb8 30. Qxb8 Rcxb8 31. Rxa7 Rxb3 32. Rdd7 Rf8 33. a4 Ra3 34. Kg2 Ra2 35. Kf3 h5 36. Nc4 Rc8 37. Ne3 Rc3 38. Ra8+ Kh7 39. Rxf7 Rca3 40. Rfa7 Rd2 41. Ra6 e5 42. Re8 Raa2 43. Ke4 Rxf2 44. Nd5 Rae2+ 45. Kd3 Rd2+ 46. Kc4 Rd4+ 47. Kc5 Rd3 48. Nxf6+ Rxf6 49. Rxf6 gxf6 50. a5 Rxg3 51. a6 Ra3 52. Re7+ Kg6 53. a7 Kf5 54. Kb6 Kf4 55. Re8 e4 56. a8Q Rxa8 57. Rxa8 e3 58. Re8 Kf3 59. Rf8 e2 60. Rxf6+ Kg2 61. Re6 Kf2 62. Rf6+ Kg2 63. Re6 Kf2 64. Rf6+ 1/2-1/2